000 00458nam a22001457a 4500
999 _c18143
_d18143
003 OSt
005 20230822174112.0
008 230822b ||||| |||| 00| 0 eng d
040 _c0
082 _aDPer 370.15 J826 July-August 2020 v112 no. 5-6
245 _aJournal of Educational Psychology /
260 _aWashington,
_bAmerican Psychological Association,
_cJuly- August 2020.
300 _avarious paging:
_bcolor illustrations;
_c30 cm.
942 _2ddc
_cPER